| 000 | 06254cam a22019694i 4500 | ||
|---|---|---|---|
| 003 | PE-LiUPU | ||
| 005 | 20250813165502.0 | ||
| 008 | 171130s2015 sp a r 001 0 spa d | ||
| 020 |
_a9788471015457 _q(Volumen 1) |
||
| 020 |
_a9788471016546 _q(Volumen 2) |
||
| 020 |
_a9788417184643 _q(Volumen 1 tapa dura) |
||
| 020 |
_a9788417184636 _q(Volumen 2 tapa dura) |
||
| 035 | _a(Sirsi) a240241 | ||
| 040 |
_aPE-LiUPU _bspa _cPE-LiUPU _erda |
||
| 049 | _aPRUA | ||
| 082 | 0 | 4 |
_a618 _bU89 _220 |
| 100 | 1 |
_aUsandizaga Beguiristáin, José Antonio, _eautor. |
|
| 245 | 1 | 0 |
_aObstetricia y ginecología / _cJose Antonio Usandizaga Beguiristain, Pedro de la Fuente Pérez. |
| 250 | _a4a edición. | ||
| 264 | 1 |
_aMadrid : _bMarbán, _c2015. |
|
| 300 |
_a2 volumenes : _bilustraciones ; _c21 centímetros |
||
| 336 |
_atext _2rdacontent |
||
| 337 |
_aunmediated _2rdamedia |
||
| 338 |
_avolume _2rdacarrier |
||
| 504 | _aIncluye de índice. | ||
| 505 | 0 |
_aVolumen 1, _tObtetricia. _aAnatomía y embriología del aparato genital femenino -- Fisiología del aparato genital femenino -- Fisiología del embarazo -- Exploración en el embarazo -- Asistencia del embarazo -- El parto normal -- Puerperio y lactancia -- Patología propia de la gestación -- Patología fetal -- Enfermedades maternas en el embarazo -- Patología del parto -- Patología del puerperio -- Neonatología -- Operaciones obstétricas -- Estadísticas perinatales. Índices de evaluación obstétrica. |
|
| 505 | 0 |
_aVolumen 2, _tGinecología. _aEstudio de la paciente ginecológica -- Patología funcional ginecológica -- Anticoncepción -- Intersexos y malformaciones genitales -- Infecciones genitales -- Patología orgánica no tumoral -- Endometriosis -- Patología tumoral de la vulva -- Patología tumoral de la vagina -- Patología tumoral del cuello uterino -- Patología tumoral del cuerpo uterino -- Patología tumoral del ovario -- Patología tumoral de la trompa de falopio -- Patología de la mama -- Diagnóstico precoz del cáncer genital femenino -- Cirugía ginecológica -- Ginecología psicosomática sexualidad -- Problemas éticos y legales en el ejercicio de la profesión obstétrico-ginecología. |
|
| 526 | _aP203 | ||
| 526 | _aP200 | ||
| 526 | _aSEG65 | ||
| 526 | _aSEG64 | ||
| 526 | _aSEG63 | ||
| 526 | _aSEG62 | ||
| 526 | _aSEG61 | ||
| 526 | _aSEG60 | ||
| 526 | _aSEG59 | ||
| 526 | _aSEG58 | ||
| 526 | _aSEG57 | ||
| 526 | _aSEG56 | ||
| 526 | _aSEG55 | ||
| 526 | _aSEG54 | ||
| 526 | _aSEG53 | ||
| 526 | _aSEG52 | ||
| 526 | _aSEG51 | ||
| 526 | _aSEG50 | ||
| 526 | _aSEG49 | ||
| 526 | _aSEG48 | ||
| 526 | _aSEG47 | ||
| 526 | _aSEG46 | ||
| 526 | _aSEG24 | ||
| 526 | _aSEG23 | ||
| 526 | _aSEG22 | ||
| 526 | _aSEG21 | ||
| 526 | _aSEG20 | ||
| 526 | _aSEG19 | ||
| 526 | _aSEG18 | ||
| 526 | _aSEG17 | ||
| 526 | _aSEG16 | ||
| 526 | _aSEG14 | ||
| 526 | _aSEG13 | ||
| 526 | _aSEG12 | ||
| 526 | _aSEG11 | ||
| 526 | _aSEG10 | ||
| 526 | _aSEG09 | ||
| 526 | _aSEG06 | ||
| 526 | _aSEG05 | ||
| 526 | _aSEG04 | ||
| 526 | _aSEG03 | ||
| 526 | _aSEG02 | ||
| 526 | _aSEG68 | ||
| 526 | _aSEG66 | ||
| 526 | _aSEG45 | ||
| 526 | _aSEG25 | ||
| 526 | _aSEG01 | ||
| 526 | _aP163 | ||
| 526 | _aP162 | ||
| 526 | _aP161 | ||
| 526 | _aP160 | ||
| 526 | _aP159 | ||
| 526 | _aP158 | ||
| 526 | _aP157 | ||
| 526 | _aP156 | ||
| 526 | _aP155 | ||
| 526 | _aP154 | ||
| 526 | _aP153 | ||
| 526 | _aP152 | ||
| 526 | _aP151 | ||
| 526 | _aP150 | ||
| 526 | _aP149 | ||
| 526 | _aP142 | ||
| 526 | _aP141 | ||
| 526 | _aP140 | ||
| 526 | _aP139 | ||
| 526 | _aP138 | ||
| 526 | _aP137 | ||
| 526 | _aP132 | ||
| 526 | _aP131 | ||
| 526 | _aP130 | ||
| 526 | _aP126 | ||
| 526 | _aP125 | ||
| 526 | _aP124 | ||
| 526 | _aP123 | ||
| 526 | _aP115 | ||
| 526 | _aP122 | ||
| 526 | _aP121 | ||
| 526 | _aP116 | ||
| 526 | _a P114 | ||
| 526 | _aP112 | ||
| 526 | _aP111 | ||
| 526 | _aP104 | ||
| 526 | _aP103 | ||
| 526 | _aP102 | ||
| 526 | _aP101 | ||
| 526 | _aP100 | ||
| 526 | _aP96 | ||
| 526 | _aP95 | ||
| 526 | _aP93 | ||
| 526 | _aP92 | ||
| 526 | _aP91 | ||
| 526 | _aP88 | ||
| 526 | _aP83 | ||
| 526 | _aP82 | ||
| 526 | _aP79 | ||
| 526 | _aP78 | ||
| 526 | _aP75 | ||
| 526 | _aP74 | ||
| 526 | _aP71 | ||
| 526 | _aP69 | ||
| 526 | _a P51 | ||
| 526 | _aP49 | ||
| 526 | _aP48 | ||
| 526 | _aP47 | ||
| 526 | _aP33 | ||
| 526 | _aP31 | ||
| 526 | _a P30 | ||
| 526 | _aP29 | ||
| 526 | _aP27 | ||
| 526 | _aP26 | ||
| 526 | _aP25 | ||
| 526 | _aP24 | ||
| 526 | _a P22 | ||
| 526 | _aP10 | ||
| 526 | _aP09 | ||
| 526 | _a P08 | ||
| 526 | _aP06 | ||
| 526 | _aP05 | ||
| 526 | _aP04 | ||
| 526 | _aP01 | ||
| 526 | 8 |
_iPrograma académico: _5PE-LiUPU |
|
| 541 | _g0001-000549; | ||
| 541 | _gE001-7; | ||
| 541 | _gE001-7; | ||
| 650 | 0 | 4 | _aGinecología. |
| 650 | 0 | 4 |
_aObstetricia. _92002 |
| 650 | 0 | 4 | _aGynecology. |
| 650 | 0 | 4 | _aObstetrics. |
| 700 | 1 |
_aFuente Pérez, Pedro de la, _eautor. |
|
| 910 |
_adbm _bncf _cncf _d20171130 |
||
| 910 |
_abgr _bjpc _cjpc _d20190724 |
||
| 942 |
_2ddc _cBOOK |
||
| 994 |
_aC0 _bPEPRU |
||
| 596 | _a1 | ||
| 999 |
_a618 U89 1 _wDEWEY _c25906 _i77302 _d25906 _e2019-11-18 _f2021-11-4 _g4 _lCCODEBUL1 _mBUL _n5 _p46.36 _q5 _r0 _sY _tBOOK _u2017-11-30 _xSALUD _PP22 _0COMPRA _o.STAFF. Colección Ciencias de la Salud |
||
| 999 |
_a618 U89 1 _wDEWEY _c2 _i80412 _d2019-10-7 _f2021-11-4 _g3 _lCCODEBUL1 _mBUL _q1 _r0 _sY _tBOOK _u2019-7-24 _xSALUD _PP22 _0COMPRA _1FCOMPR3 _o.STAFF. Colección Ciencias de la Salud |
||
| 999 |
_a618 U89 2 _wDEWEY _c1 _i77303 _d2022-7-18 _e2019-4-10 _f2021-11-4 _g4 _lCCODEBUL1 _mBUL _n2 _p46.36 _q4 _r0 _sY _tBOOK _u2017-11-30 _xSALUD _PP22 _0COMPRA _o.STAFF. Colección Ciencias de la Salud |
||
| 999 |
_a618 U89 2 _wDEWEY _c2 _i80413 _d2019-10-7 _f2021-11-4 _g3 _lCCODEBUL1 _mBUL _q1 _r0 _sY _tBOOK _u2019-7-24 _xSALUD _PP22 _0COMPRA _1FCOMPR3 _o.STAFF. Colección Ciencias de la Salud |
||
| 980 |
_81 _gALBERTO SANCHEZ Responsable de Automatización |
||